000 00769nam a2200241 a 4500
005 20200104041540.0
008 140122b2003 ck ||||| |||| 00| 0 spa d
040 _cCO-BoIH
_aCO-BoIAVH
041 _aspa
044 _ack
090 _aIAVH
_b00241
100 1 _aBennett, Sara E.
245 1 0 _aLos micos de Colombia /
_bSara Bennett
260 _aBogotá :
_bInstituto de Investigación de Recursos Biológicos Alexander von Humboldt,
_bFundación Tropenbos,
_c2003.
300 _a260 p.
_c23 cm.
650 _aFauna
650 6 _aPrimates
650 6 _aConservación de biodiversidad
650 6 _aDistribución geográfica de especies
650 6 _aComportamiento animal
662 _aColombia
942 _cLIBRO
_2ddc
_01
999 _c3516
_d3516